| 000 | 01341nam0a2200337 4500 | ||
|---|---|---|---|
| 001 | RU\NLR\BIBL_A\022667262 | ||
| 005 | 20260406084657.0 | ||
| 010 |
_a978-5-6052588-6-5 _91000 |
||
| 035 | _a(NLR Aleph) 022667262 | ||
| 090 |
_a13514570 _c13514570 |
||
| 100 | _a20251117d2024 u y0rusy50 ca | ||
| 101 | 1 |
_arus _cper |
|
| 102 | _aRU | ||
| 105 | _aa z 000ay | ||
| 181 | 0 |
_ai2 _baxxe |
|
| 181 | 0 |
_ab2 _bbb2e |
|
| 182 | 0 | _an | |
| 200 | 1 |
_aСовершенно случайно!?! _fГуламреза Хайдари Абхари _gпер. с перс. В. Кокликов _g[иллюстратор Адели Аращ] _gподготовлено к изданию Издательством Green Palm |
|
| 203 |
_aТекст _aИзображение _bвизуальные _cнепосредственные |
||
| 210 |
_aТверь _cКнигист _d2024 |
||
| 215 |
_a[32] с. _cцв. ил. _d22 |
||
| 686 | 0 | _aШ9(5Ирн)60-4 | |
| 700 | 1 |
_7ca _8rus _aХайдари Абхари _bГ. _gГуламреза _3RU\NLR\AUTH\770279328 _92651295 |
|
| 702 | 1 |
_aКокликов _bВ. О. _gВладимир Олегович _4730 |
|
| 702 | 1 |
_aАращ _bА. _gАдели _4040 |
|
| 942 | _cBOOK | ||
| 980 | _aNB | ||